[Event "POR-ch U14"]
[Site "Luso"]
[Date "2018.03.27"]
[Round "6"]
[White "Gomes, Estevao Moreira"]
[Black "Dias, Afonso Paredes"]
[Result "1-0"]
[WhiteElo "1340"]
[BlackElo "1018"]
[PlyCount "119"]
[EventDate "2018.03.24"]
[EventType "swiss"]
[EventRounds "7"]
[EventCountry "POR"]
[SourceTitle "EXT 2019"]
[Source "ChessBase"]
[SourceDate "2018.10.10"]
[SourceVersion "1"]
[SourceVersionDate "2018.10.10"]
[SourceQuality "1"]

1. e4 e5 2. Nf3 Nc6 3. Bb5 a6 4. Ba4 b5 5. Bb3 Nf6 6. d3 Na5 7. Nxe5 Nxb3 8. axb3 Bd6 9. Nf3 h6 10. 0-0 0-0 11. e5 Bxe5 12. Nxe5 Re8 13. Re1 Bb7 14. Bf4 Nh5 15. Qxh5 Qf6 16. Bd2 Re7 17. Nc3 Rae8 18. Nxd7 Rxe1+ 19. Rxe1 Rxe1+ 20. Bxe1 Qe6 21. Ne5 f6 22. Qe2 fxe5 23. Ne4 Qg6 24. Bc3 c5 25. Bxe5 c4 26. bxc4 bxc4 27. Ng3 cxd3 28. Qxd3 Qg5 29. h3 Qxe5 30. Qb3+ Bd5 31. c4 Bc6 32. c5+ Kh8 33. Qc3 Qd5 34. f3 Qg5 35. Ne4 Qg6 36. Qe5 Bd7 37. Kh2 Bb5 38. Nd6 Bf1 39. Qe8+ Kh7 40. Qxg6+ Kxg6 41. c6 a5 42. c7 Ba6 43. c8Q Bxc8 44. Nxc8 Kf5 45. Nd6+ Kf4 46. b3 g5 47. Nc4 Kf5 48. Nxa5 Ke6 49. Kg3 h5 50. h4 Kf6 51. b4 gxh4+ 52. Kxh4 Kg6 53. b5 Kf6 54. b6 Ke6 55. b7 Kd7 56. b8Q Ke7 57. Qb6 Kf8 58. Qc7 Kg8 59. Kg5 Kh8 60. Kg6 1-0

[Event "POR-ch U14"]
[Site "Luso"]
[Date "2017.04.10"]
[Round "4"]
[White "Correia, Bruno Filipe Soares"]
[Black "Dias, Afonso Paredes"]
[Result "1-0"]
[WhiteElo "1242"]
[BlackElo "1024"]
[PlyCount "107"]
[EventDate "2017.04.08"]
[EventType "swiss"]
[EventRounds "8"]
[EventCountry "POR"]
[SourceTitle "EXT 2018"]
[Source "ChessBase"]
[SourceDate "2017.10.13"]
[SourceVersion "1"]
[SourceVersionDate "2017.10.13"]
[SourceQuality "1"]

1. d4 f5 2. c4 d5 3. Nc3 Nf6 4. Nf3 b6 5. e3 Bb7 6. cxd5 Nxd5 7. Ne5 e6 8. Qh5+ g6 9. Nxg6 hxg6 10. Qxh8 Nd7 11. Nxd5 Bxd5 12. f3 Qe7 13. Bd2 0-0-0 14. Ba6+ Bb7 15. Bxb7+ Kxb7 16. Qh3 e5 17. dxe5 Nxe5 18. b3 Qa3 19. Qh4 Be7 20. Qa4 Nd3+ 21. Ke2 Qb2 22. Rhb1 Qc2 23. Qc4 Qxc4 24. bxc4 Bf6 25. Rb3 Bxa1 26. Rxd3 Rh8 27. h3 Rf8 28. Bc3 Bxc3 29. Rxc3 f4 30. e4 Kc6 31. a3 Kc5 32. Kd2 Rd8+ 33. Rd3 Rd4 34. e5 Rxd3+ 35. Kxd3 Kc6 36. h4 Kd7 37. Ke4 Ke6 38. Kxf4 c6 39. Ke4 c5 40. f4 a6 41. g4 b5 42. cxb5 axb5 43. h5 gxh5 44. gxh5 b4 45. axb4 cxb4 46. Kd3 b3 47. Kc3 b2 48. Kxb2 Kf7 49. f5 Kg7 50. e6 Kf8 51. h6 Kg8 52. e7 Kf7 53. h7 Kxe7 54. h8Q 1-0

[Event "POR-ch U14"]
[Site "Luso"]
[Date "2017.04.08"]
[Round "1"]
[White "Dias, Afonso Paredes"]
[Black "Rocha, Joao Latino Tavares"]
[Result "0-1"]
[WhiteElo "1024"]
[BlackElo "1431"]
[PlyCount "48"]
[EventDate "2017.04.08"]
[EventType "swiss"]
[EventRounds "8"]
[EventCountry "POR"]
[SourceTitle "EXT 2018"]
[Source "ChessBase"]
[SourceDate "2017.10.13"]
[SourceVersion "1"]
[SourceVersionDate "2017.10.13"]
[SourceQuality "1"]

1. e4 d5 2. Nc3 d4 3. Nd5 e6 4. Nf4 Bd6 5. d3 Nc6 6. g3 Nf6 7. Bg2 Bd7 8. Bd2 Qe7 9. c3 e5 10. Nfe2 Bc5 11. Nf3 h5 12. h4 Ng4 13. cxd4 Bxd4 14. Nexd4 Nxd4 15. Nxd4 exd4 16. Qf3 Ne5 17. Qe2 Bb5 18. Bb4 Qxb4+ 19. Qd2 Nxd3+ 20. Kd1 Nxb2+ 21. Ke1 Nd3+ 22. Kd1 Qa4+ 23. Ke2 Nf4+ 24. Ke1 Nxg2# 0-1